[Event "18th Aeroflot Open-A 2020"]
[Site "Moscow"]
[Date "2020.02.24"]
[Round "6.19"]
[White "Zanan, Evgeny"]
[Black "Zhou, Jianchao"]
[Result "0-1"]
[WhiteElo "2500"]
[BlackElo "2622"]
[Annotator "TA"]
[PlyCount "50"]
[EventDate "2020.02.19"]
[EventType "swiss"]
[EventCountry "RUS"]
[SourceTitle "playchess.com"]
[Source "ChessBase"]
[SourceQuality "1"]

{[%evp 16,50,21,11,6,13,16,0,42,-9,4,4,11,-10,-11,-83,-79,-82,-75,-85,-77,-190,-172,-195,-148,-247,-254,-471,-422,-542,-510,-595,-450,-478,-466,-447,-350]} 1. e4 c5 2. Nf3 d6 3. d4 cxd4 4. Nxd4 Nf6 5. Nc3 a6 6. Bg5 e6 7. f4 h6 8. Bh4 Qb6 $1 {8...Qb6 is better than 8...Be7.} 9. a3 Be7 {B96: Sicilian Najdorf: 6 Bg5 e6 7 f4, lines other than 7...Qb6 and 7...Be7.} 10. Bf2 Qc7 11. Qf3 b5 {The position is equal.} 12. O-O-O (12. g4 $14) 12... Bb7 13. g4 d5 14. e5 Ne4 {[#]} 15. Be1 $146 (15. Nxe4 $1 $11 {remains equal.} dxe4 16. Qe3) ({Predecessor:} 15. Nxe4 dxe4 16. Qe3 Nd7 17. Bg2 Nxe5 18. Bxe4 Nxg4 19. Qf3 Bxe4 20. Qxe4 O-O 21. Bg3 {0-1 (53) Dai,C (2506)-Zhou,J (2623) Tianjin 2020}) 15... Nc6 $17 16. Nxc6 Bxc6 17. Nxe4 dxe4 18. Qe3 (18. Qe2 $17) 18... a5 $19 19. Bg2 b4 {[%cal Bb5b4,Bb4a3,Ba3a2][%mdl 32]} 20. Bxe4 (20. a4 $17) 20... bxa3 21. Qc3 $2 (21. b3 {is a better defense.} O-O 22. Qc3) 21... a2 {Black is clearly winning.} (21... axb2+ $2 22. Kb1 $19) 22. Bxc6+ Kf8 23. b3 {[#] Threatens to win with Kb2.} Ba3+ 24. Kd2 {Strongly threatening Ke2.} Bb4 25. Qxb4+ axb4 {Black took control after the opening. Accuracy: White = 42%, Black = 87%.} 0-1

[Event "18th Aeroflot Open-A 2020"]
[Site "Moscow"]
[Date "2020.02.24"]
[Round "6.20"]
[White "Kobalia, Mikhail"]
[Black "Murzin, Volodar"]
[Result "1/2-1/2"]
[WhiteElo "2609"]
[BlackElo "2442"]
[Annotator "TA"]
[PlyCount "31"]
[EventDate "2020.02.19"]
[EventType "swiss"]
[EventCountry "RUS"]
[SourceTitle "playchess.com"]
[Source "ChessBase"]
[SourceQuality "1"]

{[%evp 9,31,16,23,9,14,0,11,12,20,6,10,0,13,12,12,2,13,11,9,6,6,0,8,12]} 1. e4 e5 2. Nf3 Nc6 3. Bc4 Bc5 4. O-O Nf6 5. d3 O-O 6. a4 {C50: Hungarian Defence and Giuoco Pianissimo.} a5 {The position is equal.} 7. Nbd2 d6 8. c3 Be6 9. h3 h6 10. Re1 Ba7 11. Bxe6 fxe6 12. Nf1 Nh5 13. Be3 Bxe3 {[#]} 14. Rxe3 $146 ({Predecessor:} 14. fxe3 b6 15. N1d2 d5 16. Rc1 Qd6 17. g4 Nf6 18. g5 hxg5 19. Nxg5 Nd8 20. Kh1 {½-½ (32) Cvak,R (2322)-Ferre Perez,A (2118) ICCF email 2016}) 14... Nf4 15. Kh2 g5 16. g3 {Not much happened in this game. Accuracy: White = 100%, Black = 100%.} 1/2-1/2

[Event "18th Aeroflot Open-A 2020"]
[Site "Moscow"]
[Date "2020.02.24"]
[Round "6.21"]
[White "Sychev, Klementy"]
[Black "Svane, Rasmus"]
[Result "1/2-1/2"]
[WhiteElo "2563"]
[BlackElo "2608"]
[Annotator "TA"]
[PlyCount "77"]
[EventDate "2020.02.19"]
[EventType "swiss"]
[EventCountry "RUS"]
[SourceTitle "playchess.com"]
[Source "ChessBase"]
[SourceQuality "1"]

{[%evp 13,77,20,21,20,14,4,14,0,0,0,0,0,0,0,0,0,0,0,0,0,16,8,18,20,61,82,97,91,125,131,125,116,97,104,141,147,139,92,180,172,181,159,159,146,162,118,146,115,197,185,187,169,672,652,946,983,648,0,0,0,0,0,0,0,0,0]} 1. e4 e5 2. Nf3 Nc6 3. Bc4 Nf6 4. d3 Bc5 5. c3 a6 6. O-O d6 7. a4 h6 8. a5 {C54: Giuoco Piano: 4 c3 Nf6, main lines with 5 d4 and 5 d3.} O-O 9. h3 Ba7 10. Be3 d5 11. exd5 Nxd5 12. Bxa7 Rxa7 13. Re1 Nf4 14. Nxe5 Qg5 $1 {[%csl Gf4,LRe5,LRg2,LRh3][%cal Rg5g2][%mdl 64] Double Attack} 15. Ng4 h5 16. Ne3 {[#]} Ne5 $146 ({Predecessor:} 16... Bxh3 17. Qf3 Ne5 18. Qg3 Bg4 19. Nd5 Nxc4 20. Qxf4 Qxf4 21. Nxf4 Nxb2 22. Ra2 g5 23. Rxb2 gxf4 {1-0 (47) Svidler,P (2719)-Harikrishna,P (2731) Hamburg 2019}) 17. Nd2 $1 Nxc4 18. dxc4 {aiming for Nf3.} Rd8 19. Kh2 Bxh3 {[#] White must now prevent ...Rxd2!} 20. Ne4 $1 {[%cal Re4g5]} ({Much worse is} 20. gxh3 $6 Qh4 $15) 20... Qh4 {( -> ...Bxg2+)} 21. g3 {[%mdl 64] Double Attack} Rxd1 22. gxh4 Rxa1 23. Rxa1 Bg4 24. Nxg4 hxg4 $16 {[%mdl 4096] Endgame KRN-KRN} 25. Rd1 Ne6 (25... f5 $16) 26. Ng5 $18 Nxg5 {KRN-KR} 27. Rd8+ Kh7 28. hxg5 $16 {Strongly threatening Rd7. KR-KR} b6 {[#]} 29. axb6 $1 cxb6 30. Rd6 Rb7 (30... a5 $16) 31. Kg3 $18 a5 32. Kxg4 b5 $2 (32... a4 33. f4 Rb8) 33. c5 b4 34. c6 Rb5 35. c4 $2 ({White should try} 35. c7 $18 Rc5 36. cxb4 Rxc7 37. bxa5) 35... Rc5 $11 {The position is equal.} 36. b3 {And now Rd5 would win.} a4 $1 37. bxa4 {f4 is the strong threat.} b3 38. Rd3 Rxc6 39. Rxb3 {Accuracy: White = 93%, Black = 64%.} 1/2-1/2

[Event "18th Aeroflot Open-A 2020"]
[Site "Moscow"]
[Date "2020.02.24"]
[Round "6.22"]
[White "Aryan Chopra"]
[Black "Karthikeyan, Murali"]
[Result "1/2-1/2"]
[WhiteElo "2562"]
[BlackElo "2602"]
[Annotator "TA"]
[PlyCount "69"]
[EventDate "2020.02.19"]
[EventType "swiss"]
[EventCountry "RUS"]
[SourceTitle "playchess.com"]
[Source "ChessBase"]
[SourceQuality "1"]

{[%evp 25,69,7,13,-1,21,15,31,24,25,22,29,19,31,19,18,-7,-21,0,-25,-34,14,18,18,23,16,16,16,16,13,13,15,14,18,5,6,13,19,35,35,8,8,8,6,2,4,2]} 1. e4 c5 2. Nf3 Nc6 3. d4 cxd4 4. Nxd4 Nf6 5. Nc3 e5 6. Ndb5 d6 7. Nd5 Nxd5 8. exd5 Nb8 9. a4 Be7 10. Be2 O-O 11. O-O Nd7 12. Kh1 a6 13. Na3 f5 14. f4 {B33: Sicilian: Pelikan and Sveshnikov Variations.} b6 {Recently 14...exf4 got a lot of attention.} 15. a5 {[#]} Rb8 $146 ({Predecessor:} 15... b5 16. c4 Qxa5 17. Bd2 Qb6 18. Nxb5 Qb8 19. Nc3 exf4 20. Bxf4 Qxb2 21. Nb5 Qb4 {1-0 (65) Gallagher,J (2565)-Cherniaev,A (2503) Saas Almagell 2005}) 16. axb6 {White is slightly better.} Nxb6 17. c4 Bf6 18. Nc2 Nd7 19. b4 exf4 20. Bxf4 Bxa1 21. Qxa1 Re8 22. Bh5 Re4 {[#] ...Qh4 is the strong threat.} (22... g6 $5 {[%cal Rg6h5]} 23. Bf3 Ne5 $11) 23. Bxd6 Rb6 24. c5 Rxd6 $1 25. cxd6 Nf6 26. Bf3 Re8 27. Qc3 Qxd6 28. Qc5 Qe5 29. d6 Bd7 30. Nd4 Qe3 31. Nc6 {aiming for Ne7+.} Qd3 32. Kg1 Bxc6 {The position is equal.} 33. Bxc6 Rd8 34. d7 {[%mdl 64] [#] Decoy} Nxd7 35. Qd5+ {An uneventful encounter. Accuracy: White = 89%, Black = 95%.} 1/2-1/2

[Event "18th Aeroflot Open-A 2020"]
[Site "Moscow"]
[Date "2020.02.24"]
[Round "6.23"]
[White "Sanal, Vahap"]
[Black "Kovalev, Vladislav"]
[Result "1/2-1/2"]
[WhiteElo "2569"]
[BlackElo "2650"]
[Annotator "TA"]
[PlyCount "139"]
[EventDate "2020.02.19"]
[EventType "swiss"]
[EventCountry "RUS"]
[SourceTitle "playchess.com"]
[Source "ChessBase"]
[SourceQuality "1"]

{[%evp 16,139,18,25,22,14,24,17,16,12,17,0,4,-1,0,-12,18,10,32,23,24,0,27,22,66,30,33,34,27,20,24,2,11,8,5,13,18,0,0,-38,-24,-18,-15,-52,-27,-23,-11,-4,-12,-29,-19,-75,-76,-92,-91,-106,-84,-106,-104,-101,-104,-116,-116,-115,-115,-117,-117,-116,-116,-168,-169,-180,-169,-120,-50,-50,-58,-143,-149,-149,0,0,0,0,0,0,0,0,0,0,0,0,0,0,0,0,0,0,0,0,0,0,0,0,8,8,8,8,8,8,8,8,8,8,8,8,8,8,8,8,8,8,8,8,8,8]} 1. e4 e5 2. Nf3 Nc6 3. Bb5 a6 4. Ba4 Nf6 5. d3 d6 6. c3 g6 7. Nbd2 Bg7 8. O-O O-O 9. Re1 Re8 {C77: Ruy Lopez: 3...a6 4 Ba4 Nf6, unusual lines.} 10. Nf1 b5 11. Bc2 Bb7 12. Ng3 Nb8 13. d4 Nbd7 14. Bg5 h6 15. Bd2 {[#]} Qe7 $146 ({Predecessor:} 15... c5 16. d5 c4 17. h3 Nc5 18. Be3 Nfd7 19. Qd2 h5 20. Bg5 Bf6 21. Bxf6 Qxf6 {½-½ (30) Neelotpal,D (2514)-Sriram,J (2453) Canberra 2009}) 16. h3 Nh7 17. Qc1 h5 18. a4 c5 {[%cal Re5d4]} 19. d5 Nb6 20. Qd1 (20. a5 $5 {[%cal Ra5b6]} Nd7 21. b3 $14) 20... Bc8 21. axb5 axb5 22. Qe2 Bd7 23. Bd3 c4 24. Bc2 Rec8 25. Rxa8 Rxa8 26. Be3 Qd8 27. Qf1 Na4 28. Bxa4 Rxa4 29. Nd2 Ra2 (29... h4 $5 {[%cal Rh4g3]} 30. Ne2 f5 $15) 30. Ra1 Qa8 31. Rxa2 Qxa2 32. Qc1 Qa8 33. f3 (33. f4 $11) 33... f5 $36 {[%mdl 2048] Black is really pushing.} 34. Ne2 f4 35. Bf2 g5 $1 36. Kf1 g4 37. hxg4 hxg4 38. fxg4 Bxg4 39. Ng1 Nf6 40. Ngf3 Bh5 41. Nh4 Bf8 42. Qe1 (42. Qb1 $17 {might work better.}) 42... Qa4 $19 43. g3 fxg3 $1 44. Be3 Ng4 ({Better is} 44... Bg4 $17 {Strongly threatening ...Qa2.} 45. Kg2 Qc2) 45. Nf5 $15 Qc2 46. Qxg3 (46. Nxg3 $15 Bg6 47. Qe2 Nxe3+ 48. Qxe3) 46... Qxb2 $17 47. Kg1 {[#]} Kf7 ({Much worse is} 47... Qxc3 $6 48. Qh4 $11) (47... Qc2 $1 $17 {Threatens to win with ...b4.} 48. Bg5 {[#]} b4 $1 {[%mdl 512]}) 48. Qh3 $11 {The position is equal.} Nf6 {aiming for ...Bg4.} 49. Nh6+ Bxh6 50. Qe6+ {[%mdl 64] [#] Double Attack} Kg6 $1 51. Qf5+ {[#]} Kf7 $1 52. Qe6+ {[#]} Kg6 $1 53. Qf5+ Kg7 54. Bxh6+ Kxh6 55. Qxf6+ {[%mdl 64] Double Attack} Bg6 56. Nf3 Qc1+ 57. Kf2 Qc2+ {[%mdl 64] Double Attack} 58. Kg3 {White threatens Qf8+ and mate.} Qxe4 {White should prevent ...Qf5.} 59. Qxd6 {Hoping for Qf8+.} Qf4+ 60. Kf2 {[#]} b4 $1 {[%mdl 512]} 61. Qxe5 (61. cxb4 c3) 61... Qxe5 62. Nxe5 bxc3 {[%mdl 4096] Endgame KB-KN} 63. Ke3 c2 64. Kd2 c3+ 65. Kc1 Bf5 66. d6 Kg7 67. d7 Bxd7 $1 68. Nxd7 Kh8 69. Kxc2 Kh7 70. Kxc3 {Accuracy: White = 84%, Black = 88%.} 1/2-1/2

[Event "18th Aeroflot Open-A 2020"]
[Site "Moscow"]
[Date "2020.02.24"]
[Round "6.24"]
[White "Narayanan.S.L"]
[Black "Frolyanov, Dmitry"]
[Result "1/2-1/2"]
[WhiteElo "2637"]
[BlackElo "2556"]
[Annotator "TA"]
[PlyCount "128"]
[EventDate "2020.02.19"]
[EventType "swiss"]
[EventCountry "RUS"]
[SourceTitle "playchess.com"]
[Source "ChessBase"]
[SourceQuality "1"]

{[%evp 9,128,32,16,0,-1,0,0,0,0,0,0,0,0,-43,6,-10,-14,-33,64,57,58,87,228,239,339,332,341,323,304,273,273,273,304,306,322,242,253,243,431,436,436,436,428,302,297,298,427,207,203,147,156,143,197,137,140,138,137,139,138,139,138,145,152,152,169,162,151,151,170,170,232,239,281,274,274,274,274,274,274,274,274,274,274,274,274,274,518,497,786,491,708,693,7123,7163,5943,6064,5239,5658,2020,4950,3501,1728,6420,6081,4947,3562,1502,799,1003,696,696,518,518,475,279,240,204,207,300,8,8]} 1. d4 d5 2. c4 e6 3. Nf3 Nf6 4. Nc3 dxc4 5. e4 Bb4 6. Bxc4 {D24: Queen's Gambit Accepted: 3 Nf3 Nf6 4 Nc3.} Nxe4 7. O-O Nxc3 8. bxc3 Be7 9. Qe2 O-O 10. Rd1 Nd7 11. Rd3 c5 12. Ne5 cxd4 {[#]} 13. Bf4 $146 ({Predecessor:} 13. cxd4 Nb6 14. Rh3 Bg5 15. Bd3 f5 16. Ba3 Rf6 17. Qh5 h6 18. Ng6 Rxg6 19. Qxg6 {½-½ (40) Murtazin,B (2358)-Korovin,M (2269) Kazan 2016}) 13... b5 (13... Nf6 $15) 14. Bxb5 $14 Nxe5 15. Bxe5 Bb7 (15... Qd5 $16 {is a better defense.} 16. Rxd4 Qc5) 16. Rxd4 $40 {[%mdl 128] White attacks with force.} Bd5 (16... Qb6 {was called for.} 17. Rd7 Bf6) 17. c4 f6 18. Bg3 (18. cxd5 fxe5 19. Rd2 (19. Qxe5 Bf6 $11) 19... Bg5 $14) 18... Qb6 19. Rxd5 (19. cxd5 Qxd4 20. Rd1 (20. Qxe6+ Kh8 $11) 20... Qc5 $16) 19... exd5 20. Qxe7 a6 21. Bd7 Qd4 22. Rb1 {[%cal Ba1b1,Bb1b7,Bb7d7][%mdl 32]} dxc4 23. h4 {Rb7 is the strong threat.} c3 $2 (23... Kh8 24. Rb7 Rg8) 24. Rb7 {White wants to mate with Be6+.} (24. Be6+ Kh8 $18) 24... Kh8 {Hoping for ...c2.} 25. Bf5 {[%csl Gb7][%cal Re7g7]} Rg8 {next ...Qd1+ is good for Black.} 26. Rd7 Qc4 {White must now prevent ...c2.} 27. Rc7 Qxa2 {[#]} (27... Qd5 $142) 28. Qe3 (28. Qxf6 $142 $1 {[%mdl 512] Threatening mate with Qh6!} Qd5 (28... gxf6 29. Rxh7#) 29. Qe5 Qxe5 30. Bxe5) 28... Qd5 29. Bg4 Qd2 30. Qc5 c2 (30... a5 $16) 31. Qxc2 (31. Bf3 $18) 31... Qxc2 $16 32. Rxc2 a5 33. Rc3 a4 {With the idea ...a3.} 34. Bd6 Rgd8 35. Ba3 Rd4 36. Bf3 Rad8 {And now ...Rd3 would win.} 37. Be7 Rb8 38. h5 h6 {[#]} 39. Rc7 $1 Rd2 (39... Rf4 {was worth a try.} 40. Ra7 Rb1+ 41. Kh2 Rb5) 40. Ra7 $18 Ra2 41. g4 Re8 {[#]} 42. Bc6 $1 Rc8 43. Bd7 (43. Rxa4 Rxa4 44. Bxa4 Rc4 $16) (43. Bxa4 Rc4 $14) 43... Rb8 44. Kg2 ({But not} 44. Rxa4 $6 Rxa4 45. Bxa4 Kg8 $18) ({Weaker is} 44. Bxa4 Rc8 $16) 44... Rd2 45. Kg3 Re2 46. Bf5 Ra2 47. f3 Ra1 $2 (47... Rab2 48. Rxa4 Kg8 49. Be6+ Kh8) 48. Kf4 Re8 (48... Rd1 $142 49. Rxa4 Re1) 49. Bg6 Rb8 (49... Rc8 $142 50. Be4 Rac1 51. Rxa4 Re8) 50. Be4 a3 51. Kf5 a2 52. Kg6 Rd1 53. Rxa2 Rd7 54. Kf7 (54. Bc5 $142 Rbd8 55. Bc6) 54... Rc7 55. Ra4 (55. Bf5 $142 Rg8 56. Bg6) 55... Rd8 56. Bf5 Rg8 57. Rd4 Ra8 58. f4 Rb8 59. Rd6 Ra7 60. Rc6 Rg8 61. Re6 Rb8 62. g5 fxg5 63. fxg5 Rbb7 64. gxh6 $2 (64. Be4 $18 Rc7 65. g6 (65. gxh6 Rxe7+ 66. Rxe7 Rxe7+ 67. Kxe7 gxh6 $11)) 64... Rxe7+ $1 {Accuracy: White = 74%, Black = 60%.} 1/2-1/2

[Event "18th Aeroflot Open-A 2020"]
[Site "Moscow"]
[Date "2020.02.24"]
[Round "6.25"]
[White "Shtembuliak, Evgeny"]
[Black "Chanda, Sandipan"]
[Result "1-0"]
[WhiteElo "2628"]
[BlackElo "2552"]
[Annotator "TA"]
[PlyCount "127"]
[EventDate "2020.02.19"]
[EventType "swiss"]
[EventCountry "RUS"]
[SourceTitle "playchess.com"]
[Source "ChessBase"]
[SourceQuality "1"]

{[%evp 15,127,34,42,39,39,43,43,47,47,2,52,39,36,34,29,28,31,43,31,18,22,29,22,14,17,16,35,23,42,37,36,37,54,53,69,56,103,102,133,133,133,133,133,133,133,116,118,118,130,128,166,161,161,103,80,0,154,129,129,113,113,117,118,117,208,185,491,454,446,187,670,649,630,247,247,247,1405,516,1374,1221,1305,1218,907,743,4133,1537,1149,1292,5028,4133,3297,4002,2380,2189,1756,1567,6158,5189,6211,6211,6211,6211,6211,6179,6067,5812,5722,5722,2654,228,29974,29975,29977,29978]} 1. d4 f5 2. g3 Nf6 3. Bg2 e6 4. c4 g6 5. Nf3 Bg7 6. O-O O-O 7. Nc3 d5 8. Bf4 c6 9. Qc1 $5 {[%mdl 4] [#] A promising side line. A87: Dutch Defence: Leningrad System: 5 Nf3.} Nbd7 $146 ({Predecessor:} 9... Ne4 10. Be5 Nd7 11. Bxg7 Kxg7 12. b4 Qc7 13. cxd5 Nxc3 14. Qxc3 exd5 15. e3 Qd6 16. Rab1 a6 {0-1 (28) Fernandes,M (1939)-Garcia Garcia,A (2158) Coimbra 2016}) 10. Bd6 Re8 11. Ne5 {White is slightly better.} Nxe5 12. Bxe5 (12. dxe5 {with more complications.} Ng4 13. f4 Bf8 14. Bxf8 Rxf8 15. Kh1) 12... Ne4 13. Nxe4 Bxe5 14. dxe5 fxe4 15. f3 exf3 16. Rxf3 Rf8 17. Rxf8+ Qxf8 18. Qe3 Bd7 19. c5 Qe7 20. h4 Kh8 21. Rf1 Rf8 22. b4 Rxf1+ 23. Bxf1 Qf8 24. Qg5 Bc8 25. Bh3 Kg7 26. h5 Bd7 27. Kg2 Bc8 28. a3 Bd7 29. Bg4 Bc8 30. e3 Bd7 31. Bh3 Qf7 32. h6+ Kf8 33. Qd8+ Qe8 {[#]} 34. Qf6+ ({Better is} 34. Qc7 $1 $18 {[%cal Rc7b7]} Qc8 35. Qd6+ Kf7 36. Kf3) 34... Qf7 $16 {Strongly threatening ...Qxf6.} 35. Qd8+ (35. Qf4 $142) 35... Qe8 $1 {[%cal Re8d8] [#] Black is on the road to losing.} 36. Qc7 $1 ({Don't do} 36. Qf6+ $6 Qf7 $16) 36... Qc8 37. Qd6+ Kf7 38. e4 dxe4 39. Kf2 Be8 (39... Ke8 $16 {was necessary.} 40. Ke3 Qd8) 40. Ke3 Qd7 $2 (40... b5 41. Bg2 (41. Kxe4 Bd7 $18) 41... Kg8 42. Bxe4 (42. Kxe4 Kf7 $18) 42... Kf7) 41. Kxe4 Qe7 42. Bg4 (42. a4 $142 Bd7 43. Bf1) 42... Qd7 $2 (42... b6 43. Kd4 b5) 43. Be2 $18 Qe7 44. Qd2 $2 (44. a4 Qg5 45. Qc7+ Qe7 46. Qb8) 44... Kg8 45. Qf4 Qf8 $2 (45... b5 46. Qf6 Qf7) 46. Qxf8+ Kxf8 {[%mdl 4096] Endgame KB-KB} 47. Kf4 Ke7 48. Kg5 Kf7 49. a4 a6 50. Bc4 (50. Bf3 $142 Ke7 51. Kf4) 50... Ke7 51. Bd3 Bf7 52. Bc2 Be8 53. Be4 Kf7 54. b5 cxb5 55. axb5 axb5 56. Bxb7 Ke7 57. Be4 b4 58. Kf4 b3 59. Ke3 b2 60. Kd2 Bc6 61. Bb1 Bf3 62. Kc3 Bg4 $2 (62... Bc6 $18 63. Kxb2 Be8) 63. Kxb2 Bf5 64. Bxf5 {Accuracy: White = 82%, Black = 60%.} 1-0

[Event "18th Aeroflot Open-A 2020"]
[Site "Moscow"]
[Date "2020.02.24"]
[Round "6.26"]
[White "Praggnanandhaa R"]
[Black "Grigoriants, Sergey"]
[Result "1/2-1/2"]
[WhiteElo "2602"]
[BlackElo "2539"]
[Annotator "TA"]
[PlyCount "47"]
[EventDate "2020.02.19"]
[EventType "swiss"]
[EventCountry "RUS"]
[SourceTitle "playchess.com"]
[Source "ChessBase"]
[SourceQuality "1"]

{[%evp 15,47,5,29,22,24,24,21,27,26,22,22,21,30,20,33,21,24,20,34,-8,-5,-5,-8,-50,-2,-47,-35,-32,11,-40,-52,-45,-49,-72]} 1. Nf3 d5 2. g3 g6 3. Bg2 Bg7 4. d4 Nf6 5. O-O c6 6. b3 O-O 7. Bb2 a5 8. c4 Ne4 9. e3 {D78: Fianchetto Grünfeld: 6 0-0 c6.} Bg4 10. h3 Bxf3 {[#]} 11. Bxf3 $146 {The position is equal.} ({Predecessor:} 11. Qxf3 e6 12. Qe2 f5 13. Nc3 Qd6 14. a3 Nd7 15. b4 axb4 16. c5 Qe7 17. axb4 {½-½ (39) Darcyl,T (2350)-Bruno,A (2290) Buenos Aires 1990}) 11... e6 12. Nc3 Nxc3 13. Bxc3 Nd7 14. Rb1 Qc7 15. Qe2 Rfd8 16. Rfc1 Nf6 17. cxd5 exd5 18. b4 axb4 19. Rxb4 Ne8 20. Be1 Ra7 21. Qc2 Bf8 22. Rb3 ({Better is} 22. Ra4 $11 Rda8 23. Rxa7 Rxa7 24. a4) 22... Qd7 $15 23. Bg4 f5 24. Be2 {Accuracy: White = 70%, Black = 84%.} 1/2-1/2

[Event "18th Aeroflot Open-A 2020"]
[Site "Moscow"]
[Date "2020.02.24"]
[Round "6.27"]
[White "Basso, Pier Luigi"]
[Black "Moroni, Luca Jr"]
[Result "1/2-1/2"]
[WhiteElo "2600"]
[BlackElo "2536"]
[Annotator "TA"]
[PlyCount "45"]
[EventDate "2020.02.19"]
[EventType "swiss"]
[EventCountry "RUS"]
[SourceTitle "playchess.com"]
[Source "ChessBase"]
[SourceQuality "1"]

{[%evp 29,45,24,24,20,28,29,41,31,40,19,23,22,21,24,26,24,19,23]} 1. d4 d5 2. c4 e6 3. Nc3 Nf6 4. Nf3 Be7 5. Bg5 h6 6. Bxf6 Bxf6 7. e3 O-O 8. Rc1 c6 9. Bd3 Nd7 10. O-O dxc4 11. Bxc4 e5 12. Ne4 exd4 13. Nxf6+ Nxf6 14. Qxd4 Qxd4 15. Nxd4 Re8 16. Rfd1 {D55: Queen's Gambit Declined: 4 Bg5 Be7: Lines without ...h6 and 6...h6 7 Bxf6.} Bd7 17. b4 a5 18. b5 {White is slightly better.} cxb5 19. Bxb5 Bxb5 20. Nxb5 {[#] Black must now prevent Nc7.} Red8 21. Rd4 Rac8 22. Rxd8+ Rxd8 23. Nd4 1/2-1/2

[Event "18th Aeroflot Open-A 2020"]
[Site "Moscow"]
[Date "2020.02.24"]
[Round "6.28"]
[White "Pranesh M"]
[Black "Puranik, Abhimanyu"]
[Result "1/2-1/2"]
[WhiteElo "2425"]
[BlackElo "2597"]
[Annotator "TA"]
[PlyCount "78"]
[EventDate "2020.02.19"]
[EventType "swiss"]
[EventCountry "RUS"]
[SourceTitle "playchess.com"]
[Source "ChessBase"]
[SourceQuality "1"]

{[%evp 12,78,48,45,43,41,31,25,22,-19,-20,-14,-17,-18,0,-1,0,0,0,0,0,-29,-22,-34,0,0,0,-23,-23,-21,-27,-43,-26,-26,-26,-25,-21,-123,-51,-51,-51,-51,-52,-54,-54,-54,-54,-52,-53,-56,-17,-25,-26,-108,-8,-8,-8,-15,-15,-17,-15,-54,-17,-40,-47,-55,0,0,0]} 1. e4 e5 2. Nf3 Nc6 3. Bb5 a6 4. Ba4 Nf6 5. O-O Bc5 6. c3 b5 7. Bc2 d5 {C78: Ruy Lopez: Archangelsk and Möller Defences.} 8. d4 {[#] exd5 is the strong threat.} dxe4 {[%cal Re5d4]} 9. dxc5 {Threatens to win with Qxd8+.} Qxd1 {White has an edge.} 10. Rxd1 {Strongly threatening Nh4.} (10. Bxd1 {with more complications.} exf3 11. Bxf3 e4 12. Be2 Bg4 13. Bxg4 Nxg4 14. a4) 10... exf3 11. gxf3 {[#]} O-O $146 ({Predecessor:} 11... Bh3 12. f4 O-O 13. f3 Rad8 14. Rxd8 Rxd8 15. fxe5 Nxe5 16. Kf2 Nd3+ 17. Bxd3 Rxd3 {½-½ (28) Raeuchle,D-Viskin,V (2126) Stuttgart 2004}) 12. Bg5 Nd8 13. a4 Rb8 14. axb5 axb5 15. b4 Ne6 16. Bxf6 gxf6 17. h4 Bb7 18. Nd2 Rfd8 19. Be4 Bxe4 20. Nxe4 Kg7 21. Ng3 Kg6 22. h5+ Kh6 23. Kh2 Kg5 24. c6 {[#]} (24. Ne4+ $11 Kf5 25. Kg3) 24... Rxd1 (24... f5 $1 $17 25. Rd7 Rxd7 26. cxd7 Rd8) 25. Rxd1 $17 {[%mdl 4096] Endgame KRN-KRN} f5 $1 26. Rd5 $1 {[%cal Rd5e5]} Kf6 $1 27. h6 $1 Rb6 28. Nh5+ $1 Kg6 29. Ng7 $1 Rxc6 30. Rxe5 Rxc3 {And now ...Nd4 would win.} 31. Nxe6 fxe6 $15 {KR-KR} 32. Kg3 (32. Rxe6+ $11 {keeps the balance.} Kh5 33. Kg3) 32... c6 ({Black should try} 32... Kxh6 $17 {White should prevent ...c6.} 33. Rxb5 Kg5) 33. Rxe6+ $11 Kg5 34. Rd6 Rc4 35. Re6 f4+ 36. Kg2 Kf5 (36... Rxb4 $5 {[%cal Rb4c4]} 37. Rxc6 Rb1 38. Rc5+ Kxh6 $15) 37. Re7 Kg6 38. Re6+ Kf7 (38... Kh5 $15) 39. Rd6 $1 Rxb4 {Accuracy: White = 77%, Black = 74%.} 1/2-1/2